ՀՀ Գիտությունների ազգային ակադեմիայի հիմնարար գիտական գրադարան  =   Fundamental Scientific Library of NAS RA

Սօցիալիստի նամակները / (Record no. 91806)

MARC details
000 -LEADER
fixed length control field 00604nam a2200193 u 4500
001 - CONTROL NUMBER
control field 000255019
003 - CONTROL NUMBER IDENTIFIER
control field AM-YeHGA
005 - DATE AND TIME OF LATEST TRANSACTION
control field 20250617125131.0
008 - FIXED-LENGTH DATA ELEMENTS--GENERAL INFORMATION
fixed length control field 030819s1908 ||| r 000 0 arm d
040 ## - CATALOGING SOURCE
Original cataloging agency AM-YeHGA
090 ## - LOCALLY ASSIGNED LC-TYPE CALL NUMBER (OCLC); LOCAL CALL NUMBER (RLIN)
-- 93105
100 1# - MAIN ENTRY--PERSONAL NAME
Personal name Արարատսկի, Վ.
245 10 - TITLE STATEMENT
Title Սօցիալիստի նամակները /
Statement of responsibility, etc. Վ. Արարատսկի.
260 ## - PUBLICATION, DISTRIBUTION, ETC.
Place of publication, distribution, etc. Ժընեվ :
Name of publisher, distributor, etc. Հ.Յ. Դաշնակցութեան,
Date of publication, distribution, etc. 1908.
300 ## - PHYSICAL DESCRIPTION
Extent 126 էջ.
500 ## - GENERAL NOTE
General note (Դրօշակից արտատպւած)
650 14 - SUBJECT ADDED ENTRY--TOPICAL TERM
Topical term or geographic name entry element Քաղաքականություն
653 0# - INDEX TERM--UNCONTROLLED
Uncontrolled term Հ. Յ. Դաշնակցություն
Holdings
Withdrawn status Lost status Damaged status Not for loan Collection Home library Current library Date acquired Total checkouts Full call number Barcode Date last seen Price effective from Koha item type Public note
        General Fundamental Scientific Library Fundamental Scientific Library 22/12/2016   329.14 220080441 22/12/2016 22/12/2016 Գրքեր / Books 30 Days Loan
        General Fundamental Scientific Library Fundamental Scientific Library 22/12/2016   329.14 220080442 22/12/2016 22/12/2016 Գրքեր / Books 30 Days Loan


ՀՀ ԳԱԱ հիմնարար գիտական գրադարան
ՀՀ,Երևան 0019
Մարշալ Բաղրամյան 24/6
հեռախոս:(374-10) 52-47-50
Հետադարձ կապ

All site content, except where otherwise noted, is licensed under a
Creative Commons License